Communication for business : a practical approach /

This book is about: The nature of communication; Business letters; Telecommunications; Internal communication; Persuasive communication; ...

Salvato in:
Dettagli Bibliografici
Autore principale: Taylor, Shirley.
Natura: Libro
Lingua:English
Pubblicazione: Harlow : Longman, 1999.
Edizione:3rd ed.
Soggetti:
Tags: Aggiungi Tag
Nessun Tag, puoi essere il primo ad aggiungerne! !
Thư viện lưu trữ: Mạng thư viện Đại học Đà Nẵng
LEADER 00978cam a2200337 i 4500
001 000048351
003 8067
005 20030306164756.0
008 010324|1999 vm 000 eng
020 |a 0582381649 
040 |a IRC  |c IRC  |d IRC 
041 0 |a eng 
082 1 4 |a 651.7  |b TA-S 
100 1 |a Taylor, Shirley. 
245 0 0 |a Communication for business :  |b a practical approach /  |c Shirley Taylor. 
250 |a 3rd ed. 
260 |a Harlow :  |b Longman,  |c 1999. 
300 |a 348 p. ;  |c 24.5cm. 
520 3 |a This book is about: The nature of communication; Business letters; Telecommunications; Internal communication; Persuasive communication; ... 
630 0 4 |a Business communication. 
650 0 4 |a Business communication. 
OWN |a DUT 
999 |a From the UDN01 
TYP |a Monograph 
TYP |a Printed language 
980 |a Mạng thư viện Đại học Đà Nẵng